zpět

Detail výsledku týmu

IP Submarine, Praha

Datum a čas kvízu

32 Celkem bodů Celkový počet nahraných bodů na tomto kvízu bez doplňovacích otázek.
2. Pořadí na kvízu Konečné umístění týmu na tomto kvízu.

Zaznamenané odpovědi

# Otázka Odpověď Body Výsledky
1. Předsedou KDU-ČSL se na pátečn... Marek Výborný 0
2. Letadlo charterové společnosti... Edinburgh 0
3. Čtvrté manželství amerického h... Nicolas Cage 1
4. Tři moravské pivovary přestan... Litovel, Zubr, Holba 0
5. Doplňte jedním slovem dialog,... popelník 1
6. Vaším úkolem bude uhodnout kře... Jaroslav / Tomáš Satoranský 0.5
7. Čtvrté nejčastější příjmení v... Petr / Pavel / Petra Svoboda 0
8. Úspěšný kanadský režisér se na... James / David Cameron 1
9. Slovenský jazzový a bluesový z... Peter / Dua Lipa 0.5
10. Tento francouzský filozof, spi... Jean-Jacques / Henri Rousseau 1